000 00395nam a2200145Ia 4500
005 20240814115917.0
008 240813s9999||||xx |||||||||||||| ||und||
082 _a797.124 HAC
100 _aHackforth-Jones, Gilbert
245 0 _aBoy's book of sailing
260 _aLondon
_bBurke Publishing Co.Ltd
_c196
300 _a143p
650 _aArts, crafts, music, sports and recreations
942 _cBK
999 _c7416
_d7416